000 01191nam0a2200325 4500
001 RU\NLR\bibl\566968
005 20250609164008.0
010 _a5-88353-144-X
_95000
021 _aRU
_b2004-81349
_94011
035 _a(NLR Aleph) 000559055
090 _a1520676
_c1520676
100 _a20041025d2002 |||y0rusy50 ca
101 1 _arus
_cger
102 _aRU
105 _aa |||||||||
200 1 _aБалконные растения
_eВыбор. Оформление. Уход
_fЕва-Мария Гайгер
_g[Пер. с нем. Л.И. Кныш]
210 _aМ.
_cБММ
_d2002
215 _a95 с.
_cцв. ил.
_d22
225 1 _aСад плюс
320 _aУказ.: с. 92-95
606 0 _aЦветочные культуры для балкона
_91115012
_3RU\NLR\auth\66440950
606 0 _aЦветочные культуры
_xИспользование для озеленения балконов
_92235503
_3RU\NLR\auth\661341629
686 _aП271
700 1 _aГайгер
_bЕ. -М.
_gЕва-Мария
_4070
801 0 _aRU
_bNLR
_c20041025
_gPSBO
801 1 _aRU
_bNLR
_c20041025
830 _aАвт. по кн.
942 _cBOOK
980 _aNB